000 00277nam a22001217a 4500
041 _aENG
100 _aFarrall.A.W
245 _aEngineering for Dairy and Food Products
260 _aNew York
_bJohn Wiley and Sons
_c1963
300 _a674
650 _aAPE
856 _uAPE ( 3 )
999 _c2512
_d2512